000 00377nam a2200145 a 4500
005 20141022142001.0
008 100915s19uu xx 00 eng d
050 _aDVD
_bM46 1994
100 _aMeyer, Christopher
245 _aThe Dilemmas of Team-based organizations.
260 _bStandford University,
_c1994.
650 _aDVD
650 _aTeam building
942 _cAVM
999 _c276250
_d276250